Responses for Show #6044 - Thursday, December 16, 2010

Tom Nissley game 3.

Contestants

[<< previous game]

Jen Huff, a technical support representative from Hollidaysburg, Pennsylvania

Tim Klein, a public school technology specialist from Flemington, New Jersey

Tom Nissley, an online books editor from Seattle, Washington (whose 2-day cash winnings total $48,002)

[next game >>]

Jeopardy! Round responses

THE AMERICAN RED CROSS
SOCCER TO US!
(Alex: In honor of its 65th anniversary, a whole category devoted to...)
BASKIN ROBBINS ICE CREAM
WOODWINDS
LANGUAGE CRAFT
ADD A LETTER
    $200 17
Switzerland

Jen
    $200 16
the goalie

Tim
    $200 1
Brooklyn

Jen
    $200 4
bamboo

Tim
    $200 18
snakes

Jen
    $200 2
sturgeon

Tom
    $400 27
(Jen: What is 5?)

6

TomJen
    $400 23
Mia Hamm

Tom
    $400 12
Shrek

Tim
    $400 5
the oboe

Tim
    $400 19
Tolkien

Tim
    $400 3
scurvy

Tim
    $600 28
turning or cranking

Tom
    $600 24
Spain

Jen
    $600 13
mint chocolate chip

Tom
    $600 6
the clarinet

Tim
    $1,800 20
(Tim: What's the Ministry of Truth?)

the Ministry of Peace

Tim
    $600 9
sprout

Tim
    $800 29
response

Tim
    $800 25
Fire

Tom
    $800 14
Miami Ice

Tom
    $800 7
the bassoon

Tim
    $800 21
The Sims

Jen
    $800 10
bunion

Tim
    $1000 30
(Jen: What is the Korean War?)

World War II

TomJen
    $1000 26
Pakistan

Jen
    $1000 15
Jamoca Almond Fudge

Tom
    $1000 8
the English horn

Jen
    $1000 22
Klingon

Jen
    $1000 11
amicable

Tim

Scores at the first commercial break (after clue 15):

Tom Tim Jen
$2,600 $5,200 $1,200

Scores at the end of the Jeopardy! Round:

Tom Tim Jen
$5,800 $4,800 $3,600

Double Jeopardy! Round responses

OFF-LIMITS
X-RATED
RACE-Y HUMOR
THE BIRDS & THE BEES
YOUR MOMMA!
CURSE WORDS
    $400 6
taboo

Jen
    $400 11
Last Tango in Paris

Tom
    $400 26
Lincoln

Jen
    $400 21
dinosaurs

Jen
    $400 1
Cleopatra

Jen
    $400 16
bloody

Tim
    $800 7
kosher

Jen
    $800 12
Midnight Cowboy

Jen
    $2,200 27
(Jen: Who is Clinton?)

Al Gore

Jen
    $800 22
wasps

Jen
    $800 2
Hecuba

Triple Stumper
    $800 17
doggone

Tim
    $1200 8
a DMZ

Tim
    $1200 13
Caligula

Tom
    $1200 28
Wilson

Tom
    $1200 23
a hummingbird

Jen
    $1200 3
Isabella

Tim
    $1200 18
cuss

Triple Stumper
    $1600 9
Elizabeth Cady Stanton

Jen
    $2,000 14
A Clockwork Orange

Tom
    $1600 29
[The end-of-round signal sounds]

Nixon

Tim
    $1600 24
the queens

Tim
    $1600 4
(Jen: Who is Hera?)

Demeter

Jen
Triple Stumper
    $1600 19
sam hill

Tom
    $2000 10
(Tim: What is the Alaskan National Wildlife Refuge?)

Arctic National Wildlife Refuge

Tim
Triple Stumper
    $2000 15
Angel Heart

Triple Stumper
    $2000 25
jelly

Tim
    $2000 5
Catherine de Medici

Triple Stumper
    $2000 20
anathema

Triple Stumper

Scores at the end of the Double Jeopardy! Round:

Tom Tim Jen
$12,200 $11,600 $6,600

[wagering suggestions for these scores]

Final Jeopardy! Round responses

SKYSCRAPERS
JenWhat is Athens?
$6
TimWhat is Moscow?
$2,000
TomWhat is Moscow?
$11,001
Moscow

Final scores:

Tom Tim Jen
$23,201 $13,600 $6,594
3-day champion: $71,203 2nd place: $2,000 3rd place: $1,000

Game dynamics:

Coryat scores:

Tom Tim Jen
$11,800 $13,400 $8,800
14 R
(including 1 DD),
0 W
19 R,
2 W
(including 1 DD)
17 R,
4 W
(including 1 DD)

Combined Coryat: $34,000

[game clues] [game scores] [suggest correction]

Game tape date: 2010-09-15
The J! Archive is created by fans, for fans. Scraping, republication, monetization, and malicious use prohibited; this site may use cookies and collect identifying information. See terms. The Jeopardy! game show and all elements thereof, including but not limited to copyright and trademark thereto, are the property of Jeopardy Productions, Inc. and are protected under law. This website is not affiliated with, sponsored by, or operated by Jeopardy Productions, Inc. Join the discussion at JBoard.tv.